000 00477nam a2200217 454500
001 076700
003 BD-ChCU
008 Eng
020 _ax
040 _aDLC
_cDLC
_dBD-ChCU
082 0 0 _a394.1/LED
100 1 _aLevy, Hermann.
_bx
245 1 0 _aDrink
_bAn economic and social study
250 _ax
260 _aLond
_bRoutiedge and paul
_c1951
300 _avii,256p
504 _a
650 0 _aDrinking
_bDrinking
700 1 _ax
942 _2ddc
_cBK
999 _c76700
_d76700